000 00561nam a2200181Ia 4500
001 21315
005 20260306172910.0
008 260306t2021||||xx |||||||||||||| ||spa||
041 _aESP
082 _a344.526
_bC14D
100 _aCáceres Julca, Roberto
_eAUT
245 0 _aEl delito de conducción en estado de ebriedad y drogadicción, y el delito de resistencia y desobediencia a la autoridad:
_baspectos sustantivos y procesales
260 _c2021
300 _a733 páginas :
_c25 cm.
650 _aGEN
654 _aCDE
942 _cLIB
_dJUS
_fJUS
_2ddc
_n
999 _c21315
_d21315